[Event "4NCL Division 3s"]
[Site "Daventry Court ENG"]
[Date "2014.11.15"]
[Round "1.155"]
[White "Lentzos, Ioannis"]
[Black "Ogunshola, Ben"]
[Result "0-1"]
[WhiteElo "1897"]
[BlackElo "2155"]
[PlyCount "67"]
[EventDate "2014.11.15"]
[WhiteTeam "e2e4.org.uk 3"]
[BlackTeam "The Pitstop"]

1. e4 d6 2. d4 Nf6 3. Nc3 g6 4. f4 Bg7 5. Nf3 O-O 6. Be3 b6 7. Qd2 Bb7 8. e5
Ng4 9. O-O-O c5 10. dxc5 bxc5 11. exd6 Bxf3 12. gxf3 Nxe3 13. Qxe3 exd6 14. Ne4
Nc6 15. Rxd6 Qb6 16. c3 Rab8 17. b3 Rfe8 18. Bc4 Qa5 19. Rd2 Qa3+ 20. Kb1 Na5
21. Nd6 Nxc4 22. Nxc4 Qa6 23. Ne5 c4 24. b4 Qa3 25. Rb2 Qa4 26. Qe2 a5 27. bxa5
Qxa5 28. Rc1 Rxb2+ 29. Kxb2 g5 30. Qe4 Rb8+ 31. Ka1 gxf4 32. Qxf4 Bxe5 33. Rg1+
Kh8 34. Qf6+ 0-1

[Event "4NCL Division 3s"]
[Site "Daventry Court ENG"]
[Date "2014.11.15"]
[Round "1.156"]
[White "Froom, Oliver"]
[Black "Peat, Matthew"]
[Result "1-0"]
[WhiteElo "1998"]
[BlackElo "2024"]
[PlyCount "148"]
[EventDate "2014.11.15"]
[WhiteTeam "The Pitstop"]
[BlackTeam "e2e4.org.uk 3"]

1. e4 e5 2. Nf3 Nc6 3. Bb5 a6 4. Ba4 Nf6 5. d3 d6 6. c3 Be7 7. O-O O-O 8. Nbd2
b5 9. Bc2 d5 10. Qe2 Be6 11. Rd1 Bc5 12. exd5 Nxd5 13. Ne4 Bb6 14. Nfg5 Bf5 15.
Qf3 Bg6 16. h4 h5 17. Bb3 Nde7 18. Ng3 Na5 19. Bc2 Qd5 20. Qe2 c5 21. Nxh5 f6
22. Nh3 Nf5 23. Qg4 Qf7 24. Ng3 Nxg3 25. Qxg3 c4 26. Be3 Bc7 27. Qf3 Rad8 28.
Qe2 Bh5 29. f3 Bg6 30. d4 Bxc2 31. Qxc2 Qh5 32. Qf2 Nc6 33. d5 Ne7 34. Bc5 Bd6
35. Bb6 Rb8 36. Rd2 Rfc8 37. Kf1 Ng6 38. g3 Qf5 39. Kg2 e4 40. Be3 Ne5 41. f4
Nd3 42. Qe2 Qxd5 43. Kg1 Re8 44. Nf2 Qc6 45. Qh5 Rbc8 46. Ng4 Re7 47. Qg6 Bc5
48. Kh2 Qb6 49. Re2 Bxe3 50. Nxe3 Qb7 51. Nf5 Re6 52. Nd4 Ree8 53. h5 Qf7 54.
Nf5 Qxg6 55. hxg6 Rcd8 56. Rf1 Rd5 57. g4 Nc5 58. Nd4 Nd3 59. Kg3 a5 60. Nf5
Nc5 61. Nd4 Kf8 62. Rh1 Ke7 63. Rh7 Rg8 64. Nxb5 Rd3+ 65. Kg2 Rf3 66. Rxe4+
Nxe4 67. Kxf3 Nc5 68. Nd4 a4 69. Nf5+ Ke6 70. Ne3 Nd3 71. Nxc4 Rc8 72. Nb6 Rb8
73. Nxa4 Rc8 74. Rxg7 Nxb2 1-0

[Event "4NCL Division 3s"]
[Site "Daventry Court ENG"]
[Date "2014.11.15"]
[Round "1.157"]
[White "Garnett, John S"]
[Black "Sloan, Hamish"]
[Result "1-0"]
[WhiteElo "2007"]
[BlackElo "1631"]
[PlyCount "79"]
[EventDate "2014.11.15"]
[WhiteTeam "e2e4.org.uk 3"]
[BlackTeam "The Pitstop"]

1. c4 e5 2. g3 Nf6 3. Bg2 g6 4. Nc3 Bg7 5. e4 Nc6 6. Nge2 d6 7. O-O Nd4 8. Nxd4
exd4 9. Ne2 c5 10. d3 O-O 11. b4 Nd7 12. Bf4 Ne5 13. bxc5 dxc5 14. Qd2 Rb8 15.
Rab1 b6 16. Bxe5 Bxe5 17. f4 Bg7 18. f5 Bb7 19. g4 g5 20. Ng3 f6 21. Rbe1 h6
22. Nh5 Qc7 23. e5 Bxg2 24. Qxg2 Qb7 25. exf6 Qxg2+ 26. Kxg2 Bxf6 27. Re6 Bd8
28. Rxh6 Rb7 29. Re1 Rh7 30. Rxh7 Kxh7 31. Re6 Rf7 32. Ng3 Re7 33. Rxe7+ Bxe7
34. Kf3 Kg7 35. Ke4 Kf7 36. Kd5 Bd8 37. Ne4 Be7 38. Nd6+ Bxd6 39. Kxd6 Kf6 40.
a4 1-0

[Event "4NCL Division 3s"]
[Site "Daventry Court ENG"]
[Date "2014.11.15"]
[Round "1.159"]
[White "Kingston, Ian S"]
[Black "Faizi, Tariq"]
[Result "1-0"]
[WhiteElo "1954"]
[BlackElo "1460"]
[PlyCount "79"]
[EventDate "2014.11.15"]
[WhiteTeam "e2e4.org.uk 3"]
[BlackTeam "The Pitstop"]

1. e4 c5 2. Nf3 g6 3. Bc4 Bg7 4. O-O e6 5. Nc3 Ne7 6. Re1 O-O 7. d4 cxd4 8.
Nxd4 d5 9. exd5 Nxd5 10. Nxd5 exd5 11. Bb3 Nc6 12. Be3 Be6 13. c3 a6 14. Qd2
Qd7 15. Rad1 Rfe8 16. Nxc6 bxc6 17. Bd4 Qc7 18. Ba4 Bg4 19. Rc1 Rxe1+ 20. Rxe1
Be6 21. Bxg7 Kxg7 22. Qd4+ Kg8 23. Qc5 Rc8 24. g3 Qb7 25. b4 Qd7 26. Bc2 Qb7
27. a4 Re8 28. Bd3 Rd8 29. Qd4 Ra8 30. a5 Qc8 31. Qb6 Bh3 32. Qd4 Be6 33. h4 h5
34. Qf6 Ra7 35. Bxg6 Bg4 36. Bd3 Rd7 37. Qg5+ Kf8 38. Qh6+ Kg8 39. Qh7+ Kf8 40.
Qh8# 1-0

[Event "4NCL Division 3s"]
[Site "Daventry Court ENG"]
[Date "2014.11.15"]
[Round "1.166"]
[White "Davison, Chris"]
[Black "Pozimski, Szymon"]
[Result "0-1"]
[WhiteElo "1897"]
[BlackElo "1822"]
[PlyCount "100"]
[EventDate "2014.11.15"]
[WhiteTeam "Iceni 1"]
[BlackTeam "Oxford 3"]

1. d4 b6 2. Nf3 Bb7 3. g3 Nf6 4. Bg2 g6 5. O-O Bg7 6. c4 O-O 7. Nc3 Ne4 8. Qc2
Nxc3 9. bxc3 e6 10. e4 Nc6 11. Be3 Ba6 12. Nd2 e5 13. Qa4 Na5 14. Rfd1 Qe7 15.
Nb3 Nxb3 16. axb3 Bb7 17. d5 d6 18. b4 a5 19. Qb3 f5 20. bxa5 f4 21. Bd2 Ra6
22. c5 Rfa8 23. Bf1 R6a7 24. cxb6 cxb6 25. Qxb6 Ba6 26. Bxa6 Rxa6 27. Qb5 Bh6
28. Rdb1 fxg3 29. Bxh6 gxf2+ 30. Kxf2 Qh4+ 31. Kg1 Qxh6 32. Qe2 Qg5+ 33. Kh1
Rxa5 34. Rxa5 Rxa5 35. Qf2 Qe7 36. Qb6 Rc5 37. Rb3 Qf6 38. Kg2 Qg5+ 39. Kh1
Qc1+ 40. Kg2 Qd2+ 41. Kg1 Qe1+ 42. Kg2 Qxe4+ 43. Kg1 Qg4+ 44. Kf2 Rc8 45. Rb4
Rf8+ 46. Ke1 Qg2 47. Qb5 Qg1+ 48. Kd2 Rf2+ 49. Kd3 Qf1+ 50. Ke4 Qe1+ 0-1

[Event "4NCL Division 3s"]
[Site "Daventry Court ENG"]
[Date "2014.11.15"]
[Round "1.167"]
[White "Lim, Wei Xinq Sean"]
[Black "Peters, John A"]
[Result "0-1"]
[WhiteElo "1782"]
[BlackElo "2037"]
[PlyCount "106"]
[EventDate "2014.11.15"]
[WhiteTeam "Oxford 3"]
[BlackTeam "Iceni 1"]

1. e4 Nf6 2. e5 Nd5 3. d4 d6 4. Nf3 Bg4 5. Be2 Nc6 6. exd6 exd6 7. c4 Nb6 8.
O-O Be7 9. b3 Bf6 10. Bb2 O-O 11. Nbd2 Re8 12. Re1 Bf5 13. Nf1 Nb4 14. Ne3 Rxe3
15. fxe3 Qe7 16. Qd2 Nc2 17. Bd3 Nxe1 18. Rxe1 Be4 19. Qc2 Bxf3 20. gxf3 g6 21.
e4 Nd7 22. Qd2 c5 23. e5 dxe5 24. f4 cxd4 25. Bxd4 Qd6 26. Be3 exf4 27. Bxf4
Be5 28. Be3 Bxh2+ 29. Qxh2 Qxd3 30. Bh6 Qd4+ 31. Be3 Qg4+ 32. Kh1 Re8 33. Qf2
Qe4+ 34. Kg1 Ne5 35. Rf1 Nf3+ 36. Qxf3 Qxe3+ 37. Kg2 Qe2+ 38. Rf2 Qxf3+ 39.
Kxf3 f5 40. Rd2 Kf7 41. c5 h5 42. b4 a6 43. a4 Re7 44. Rd6 h4 45. Rb6 g5 46. b5
axb5 47. a5 Rc7 48. c6 bxc6 49. a6 Ke6 50. Rb7 Rc8 51. a7 Ra8 52. Rg7 g4+ 53.
Kf4 g3 0-1

[Event "4NCL Division 3s"]
[Site "Daventry Court ENG"]
[Date "2014.11.15"]
[Round "1.168"]
[White "Reynolds, D Ian W"]
[Black "Henbest, Kevin B"]
[Result "1-0"]
[WhiteElo "2006"]
[BlackElo "1680"]
[PlyCount "83"]
[EventDate "2014.11.15"]
[WhiteTeam "Iceni 1"]
[BlackTeam "Oxford 3"]

1. e4 c5 2. c3 Nf6 3. e5 Nd5 4. Nf3 Nc6 5. Bc4 Nb6 6. Bb3 d5 7. exd6 Qxd6 8.
O-O Bg4 9. Bxf7+ Kd8 10. h3 Bxf3 11. Qxf3 Ne5 12. Qf5 g6 13. Qe6 Nxf7 14. Qxf7
Qf6 15. Qxf6 exf6 16. d4 Kc7 17. Bf4+ Bd6 18. Bxd6+ Kxd6 19. dxc5+ Kxc5 20. Nd2
f5 21. Nb3+ Kc6 22. Rad1 Rhe8 23. Nd4+ Kc5 24. b3 Re4 25. Nf3 h6 26. Rd3 Rae8
27. Rfd1 g5 28. Nd4 Re1+ 29. Kh2 Rxd1 30. Rxd1 Re5 31. c4 g4 32. Rd2 h5 33.
hxg4 fxg4 34. Kg3 Re4 35. Ne2 a5 36. Nf4 a4 37. Nxh5 axb3 38. axb3 Kb4 39. Nf6
Re5 40. Nd5+ Nxd5 41. Rxd5 Re4 42. Rb5+ 1-0

[Event "4NCL Division 3s"]
[Site "Daventry Court ENG"]
[Date "2014.11.15"]
[Round "1.175"]
[White "Smart, Mike"]
[Black "Donaghay, Richard H"]
[Result "1-0"]
[WhiteElo "2018"]
[BlackElo "1974"]
[PlyCount "57"]
[EventDate "2014.11.15"]
[WhiteTeam "Guildford 4"]
[BlackTeam "Iceni 2"]

1. e4 d5 2. exd5 Nf6 3. d4 Nxd5 4. Bd3 g6 5. Nf3 Bg7 6. O-O Bg4 7. h3 Bd7 8. c4
Nf6 9. Re1 O-O 10. Nc3 Nc6 11. Qb3 e6 12. Be3 b6 13. Rad1 Re8 14. d5 exd5 15.
cxd5 Ne5 16. Nxe5 Rxe5 17. Bf4 Re7 18. Bc4 Ne8 19. Ne4 Kh8 20. Re2 h6 21. d6
cxd6 22. Bxf7 Ba4 23. Qxa4 Rxf7 24. Nxd6 Nxd6 25. Rxd6 Qf8 26. Bg3 Rc8 27. Rxg6
Qd8 28. Rge6 Rd7 29. Re8+ 1-0

[Event "4NCL Division 3s"]
[Site "Daventry Court ENG"]
[Date "2014.11.15"]
[Round "1.176"]
[White "Szymanski, Mark"]
[Black "Punnett, Alan"]
[Result "1/2-1/2"]
[WhiteElo "1833"]
[BlackElo "2054"]
[PlyCount "99"]
[EventDate "2014.11.15"]
[WhiteTeam "Iceni 2"]
[BlackTeam "Guildford 4"]

1. c4 Nf6 2. g3 e5 3. Bg2 Be7 4. Nc3 O-O 5. Nf3 Nc6 6. O-O h6 7. d4 exd4 8.
Nxd4 Nxd4 9. Qxd4 c6 10. Bf4 Qb6 11. Qxb6 axb6 12. Rfd1 Rd8 13. Bc7 Re8 14. Bd6
Kf8 15. a3 Bxd6 16. Rxd6 Re6 17. Rd2 Ke7 18. Rad1 Ne8 19. Bh3 Rd6 20. e4 Rxd2
21. Rxd2 Nd6 22. Bf1 Ne8 23. f4 d6 24. Kf2 Ra5 25. Ke3 Nc7 26. Be2 g6 27. g4 g5
28. f5 Ne8 29. Bd1 Nf6 30. Na4 Nd7 31. h4 b5 32. cxb5 Rxb5 33. b4 Re5 34. hxg5
hxg5 35. Rh2 Nf6 36. Bf3 b5 37. Nb6 Bb7 38. Rh6 Nd5+ 39. Nxd5+ cxd5 40. Rh5
dxe4 41. Be2 Kf6 42. Rh6+ Ke7 43. Rh8 Bc6 44. Rg8 Kf6 45. Rc8 Bd7 46. Rb8 Be8
47. Kd4 e3 48. Rb6 Ke7 49. Rb7+ Kf6 50. Rb6 1/2-1/2

[Event "4NCL Division 3s"]
[Site "Daventry Court ENG"]
[Date "2014.11.15"]
[Round "1.186"]
[White "Valentine, Brian"]
[Black "Ireland, David J"]
[Result "1/2-1/2"]
[WhiteElo "1990"]
[BlackElo "1899"]
[PlyCount "90"]
[EventDate "2014.11.15"]
[WhiteTeam "MK Phoenix 2"]
[BlackTeam "Throw in the Tal"]

1. e4 c5 2. Nf3 d6 3. d4 cxd4 4. Nxd4 Nf6 5. Nc3 g6 6. Be2 Bg7 7. O-O Nc6 8.
Nb3 O-O 9. Kh1 a6 10. a4 Be6 11. Bg5 Bxb3 12. cxb3 Rc8 13. Be3 Qa5 14. f4 Rfd8
15. Bc4 e6 16. Bd2 Qb6 17. a5 Qc7 18. Bd3 d5 19. e5 Nd7 20. Ne2 Nc5 21. Bb1 f5
22. Rf3 Ne4 23. Bd3 g5 24. g3 g4 25. Rf1 h5 26. Kg2 Qe7 27. Be3 Kf7 28. Bb6 Rh8
29. Bxe4 dxe4 30. Qd2 Nb4 31. Rfc1 Nd3 32. Rxc8 Rxc8 33. Ra4 h4 34. Rc4 h3+ 35.
Kf1 Rxc4 36. bxc4 Qb4 37. Qxb4 Nxb4 38. Nc3 Bf8 39. Na4 Nd3 40. Ke2 Ke8 41. Be3
Kd7 42. Bd2 Kc6 43. Be3 Bc5 44. Nxc5 Nxc5 45. Kd2 Nd3 1/2-1/2

[Event "4NCL Division 3s"]
[Site "Daventry Court ENG"]
[Date "2014.11.15"]
[Round "1.187"]
[White "Goodwin, Ed H"]
[Black "Adebajo, Olufemi"]
[Result "1/2-1/2"]
[WhiteElo "1797"]
[BlackElo "1967"]
[PlyCount "71"]
[EventDate "2014.11.15"]
[WhiteTeam "Throw in the Tal"]
[BlackTeam "MK Phoenix 2"]

1. d4 d5 2. c4 Bf5 3. Nc3 e6 4. cxd5 exd5 5. Qb3 Nc6 6. Nf3 Bb4 7. a3 Bxc3+ 8.
bxc3 Nge7 9. Bf4 Na5 10. Qa4+ c6 11. e3 O-O 12. Be2 b5 13. Qd1 Ng6 14. Bg3 Qb6
15. O-O Nc4 16. Bxc4 bxc4 17. Qd2 Bd3 18. Rfc1 Rfe8 19. h3 c5 20. dxc5 Qxc5 21.
Nd4 h5 22. Qb2 h4 23. Bh2 Rac8 24. Qb5 Qe7 25. Qxd5 Be4 26. Qh5 Rc5 27. Qe2 Qg5
28. f3 Bd3 29. Qf2 Qxe3 30. Qxe3 Rxe3 31. Re1 Rxe1+ 32. Rxe1 a5 33. Bd6 Rd5 34.
Bh2 f6 35. Re8+ Kf7 36. Ra8 1/2-1/2

[Event "4NCL Division 3s"]
[Site "Daventry Court ENG"]
[Date "2014.11.15"]
[Round "1.196"]
[White "Pollack, Oscar"]
[Black "Chan, Nevil"]
[Result "0-1"]
[WhiteElo "1780"]
[BlackElo "2014"]
[PlyCount "88"]
[EventDate "2014.11.15"]
[WhiteTeam "Barnet Knights 2"]
[BlackTeam "Cambridge University 3"]

1. Nf3 b6 2. g3 Bb7 3. Bg2 e6 4. O-O Nf6 5. d3 Be7 6. e4 d6 7. Re1 Nbd7 8. Nbd2
O-O 9. Nf1 c5 10. h4 Qc7 11. N1h2 Rfd8 12. g4 Nf8 13. g5 N6d7 14. Ng4 e5 15. h5
Ne6 16. h6 g6 17. Bh3 Ndf8 18. Nf6+ Bxf6 19. gxf6 Re8 20. Ng5 Bc8 21. Nxe6 Bxe6
22. Bxe6 Nxe6 23. Qg4 Qd8 24. Bg5 Nxg5 25. Qxg5 Re6 26. f4 Qxf6 27. Qxf6 Rxf6
28. fxe5 dxe5 29. Rf1 Rxf1+ 30. Rxf1 Re8 31. Rf6 Re6 32. Rxe6 fxe6 33. Kg2 Kf7
34. Kf3 g5 35. Kg4 Kg6 36. a3 Kxh6 37. b4 Kg6 38. b5 h5+ 39. Kg3 g4 40. Kh4 Kh6
41. a4 Kg6 42. c3 Kh6 43. c4 Kg6 44. d4 exd4 0-1

[Event "4NCL Division 3s"]
[Site "Daventry Court ENG"]
[Date "2014.11.15"]
[Round "1.197"]
[White "Kreuzer, Christopher RL"]
[Black "Balouka-Myers, Gabriel"]
[Result "1-0"]
[WhiteElo "1961"]
[BlackElo "1557"]
[PlyCount "79"]
[EventDate "2014.11.15"]
[WhiteTeam "Cambridge University 3"]
[BlackTeam "Barnet Knights 2"]

1. e4 c6 2. d4 d5 3. e5 Bf5 4. Bd3 Bxd3 5. Qxd3 e6 6. Ne2 Nd7 7. O-O Qb6 8.
Nbc3 c5 9. Be3 c4 10. Qd2 Ne7 11. b3 cxb3 12. axb3 Nf5 13. Qd3 Nxe3 14. Qxe3
Rc8 15. f4 Bb4 16. Na4 Qc6 17. c3 Be7 18. f5 exf5 19. Rxf5 b5 20. Nb2 a6 21.
Nd3 O-O 22. b4 Ra8 23. Nc5 Rfe8 24. Rf2 a5 25. Nxd7 Qxd7 26. bxa5 Bd8 27. Nf4
Rxa5 28. Rxa5 Bxa5 29. Qf3 Rd8 30. Ra2 Bb6 31. Nd3 Qc7 32. Nb4 Qxe5 33. Re2 Qc7
34. Nxd5 f6 35. Nxb6 Qxb6 36. Re7 Kf8 37. Qe4 Qd6 38. Re6 Qd5 39. Re8+ Kf7 40.
Qe7+ 1-0

[Event "4NCL Division 3s"]
[Site "Daventry Court ENG"]
[Date "2014.11.15"]
[Round "1.198"]
[White "Karia, Kamlesh"]
[Black "Campbell, Mark C"]
[Result "0-1"]
[WhiteElo "1723"]
[BlackElo "1957"]
[PlyCount "80"]
[EventDate "2014.11.15"]
[WhiteTeam "Barnet Knights 2"]
[BlackTeam "Cambridge University 3"]

1. e4 c5 2. Nc3 Nc6 3. f4 g6 4. Nf3 Bg7 5. Bc4 e6 6. d3 Nge7 7. e5 d5 8. exd6
Qxd6 9. Ne4 Qc7 10. c3 b6 11. Qe2 O-O 12. Bd2 Na5 13. O-O Nxc4 14. dxc4 Bb7 15.
Rad1 Rad8 16. Ng3 Nc6 17. Ne4 Rd7 18. Bc1 Rfd8 19. Rxd7 Rxd7 20. Ng3 Qd8 21.
Ne4 Qa8 22. Ng3 Ne7 23. a3 Rd8 24. Rd1 Nc6 25. Re1 Na5 26. Nd2 Bh6 27. Qf2 Qb8
28. Rf1 Ba6 29. b3 Rd3 30. Nge4 Qd8 31. Qe2 Bg7 32. Rf3 Rxf3 33. Qxf3 Bb7 34.
b4 cxb4 35. cxb4 Qd4+ 36. Qf2 Nxc4 37. Nxc4 Qxc4 38. Qe1 Bxe4 39. Be3 Qc2 40.
Qf1 Bb2 0-1

[Event "4NCL Division 3s"]
[Site "Daventry Court ENG"]
[Date "2014.11.15"]
[Round "1.199"]
[White "Ivanov, George"]
[Black "Balouka-Myers, Reuben"]
[Result "1-0"]
[WhiteElo "1702"]
[BlackElo "1482"]
[PlyCount "55"]
[EventDate "2014.11.15"]
[WhiteTeam "Cambridge University 3"]
[BlackTeam "Barnet Knights 2"]

1. e4 e6 2. d4 d5 3. exd5 exd5 4. Bd3 Bd6 5. c3 Nf6 6. h3 b6 7. Nf3 Qe7+ 8. Be3
Bf4 9. Qe2 Bxe3 10. fxe3 Ne4 11. Bxe4 Qxe4 12. Nbd2 Qg6 13. O-O-O Ba6 14. Qf2
Nd7 15. Rhe1 O-O-O 16. Nh4 Qe6 17. Nhf3 f6 18. Nb3 Bc4 19. Nfd2 Ba6 20. e4 dxe4
21. Nxe4 Qf7 22. d5 Ne5 23. Qd4 Rhe8 24. d6 Nd3+ 25. Rxd3 Bxd3 26. Qxd3 f5 27.
Rf1 fxe4 28. Qa6+ 1-0

[Event "4NCL Division 3s"]
[Site "Daventry Court ENG"]
[Date "2014.11.15"]
[Round "1.200"]
[White "Willmoth, Harrison"]
[Black "Ivanov, Elizabeth"]
[Result "1/2-1/2"]
[WhiteElo "1562"]
[BlackElo "1557"]
[PlyCount "82"]
[EventDate "2014.11.15"]
[WhiteTeam "Barnet Knights 2"]
[BlackTeam "Cambridge University 3"]

1. e4 e5 2. f4 Nc6 3. Nf3 d6 4. Nc3 Nf6 5. Bb5 Bg4 6. O-O a6 7. Bxc6+ bxc6 8.
d3 Nh5 9. f5 Be7 10. h3 Bxf3 11. Qxf3 Nf6 12. Be3 d5 13. Bf2 d4 14. Ne2 O-O 15.
Bg3 Bd6 16. Bh2 Rb8 17. b3 h6 18. Kh1 Kh8 19. Rg1 Nh7 20. Qf2 c5 21. Rab1 a5
22. a4 c6 23. Rgf1 Qc7 24. Ng1 Be7 25. Nf3 Bf6 26. h4 Qe7 27. Rg1 g5 28. hxg5
Nxg5 29. Nxg5 Bxg5 30. Qf3 f6 31. g4 Rg8 32. Rg3 Be3 33. Bg1 Bf4 34. Rg2 Rg5
35. Bf2 Rbg8 36. Bh4 R5g7 37. Rbg1 Be3 38. Bf2 Bf4 39. Bh4 Be3 40. Bf2 Bf4 41.
Bh4 Be3 1/2-1/2

[Event "4NCL Division 3s"]
[Site "Daventry Court ENG"]
[Date "2014.11.15"]
[Round "1.205"]
[White "Chin, Francis CW"]
[Black "Rutter, Nick"]
[Result "1-0"]
[WhiteElo "2143"]
[BlackElo "2167"]
[PlyCount "69"]
[EventDate "2014.11.15"]
[WhiteTeam "Hackney 2"]
[BlackTeam "Shropshire"]

1. d4 d5 2. Nf3 Nf6 3. c4 c6 4. Nc3 e6 5. Bg5 dxc4 6. e3 b5 7. a4 Bb4 8. Be2
Bb7 9. O-O a6 10. Ne5 Nbd7 11. f4 Qc7 12. Nxd7 Qxd7 13. Bxf6 Bxc3 14. Bxg7 Rg8
15. bxc3 Rxg7 16. Bf3 O-O-O 17. Qe2 Rdg8 18. Ra2 Kc7 19. Rb1 f6 20. axb5 axb5
21. Ra7 Kb8 22. Qa2 Qd6 23. Ra1 Kc8 24. Qa5 Qc7 25. Qb4 e5 26. d5 Qb6 27. dxc6
Rxg2+ 28. Kh1 Bxc6 29. Ra8+ Bxa8 30. Rxa8+ Kd7 31. Bxg2 Rxg2 32. Qf8 Rg6 33.
Qe8+ Kd6 34. Rd8+ Kc5 35. Qe7+ 1-0

[Event "4NCL Division 3s"]
[Site "Daventry Court ENG"]
[Date "2014.11.15"]
[Round "1.215"]
[White "Cooper, David"]
[Black "Martin Perez, Javier"]
[Result "1/2-1/2"]
[WhiteElo "2058"]
[BlackElo "2020"]
[PlyCount "37"]
[EventDate "2014.11.15"]
[WhiteTeam "Warwickshire Select 2"]
[BlackTeam "Rhyfelwyr Essyllwg 2"]

1. e4 e6 2. d4 d5 3. Nc3 Bb4 4. Nge2 dxe4 5. a3 Be7 6. Nxe4 Nd7 7. Bf4 Ngf6 8.
Qd3 O-O 9. O-O-O b6 10. N2c3 Bb7 11. Be2 Nxe4 12. Nxe4 Nf6 13. Bf3 Nd5 14. Bd2
Qc8 15. Nc3 Rd8 16. Nxd5 Bxd5 17. Bxd5 Rxd5 18. c4 Rd8 19. Qe4 1/2-1/2

[Event "4NCL Division 3s"]
[Site "Daventry Court ENG"]
[Date "2014.11.15"]
[Round "1.216"]
[White "Heaven, Peter"]
[Black "Paterson, Andrew"]
[Result "1-0"]
[WhiteElo "1919"]
[BlackElo "2037"]
[PlyCount "37"]
[EventDate "2014.11.15"]
[WhiteTeam "Rhyfelwyr Essyllwg 2"]
[BlackTeam "Warwickshire Select 2"]

1. e4 c6 2. d4 d5 3. e5 Bf5 4. h4 h5 5. Nh3 e6 6. Nf4 c5 7. Nxh5 Nc6 8. Bd3
Bxd3 9. cxd3 cxd4 10. Bg5 Qa5+ 11. Kf1 Nxe5 12. Rh3 Qa6 13. Kg1 Nh6 14. Qe2 Ng6
15. Nd2 Rc8 16. Nb3 Nf5 17. g4 Nd6 18. Nxd4 Ne4 19. dxe4 1-0

[Event "4NCL Division 3s"]
[Site "Daventry Court ENG"]
[Date "2014.11.15"]
[Round "1.217"]
[White "Page, Mark"]
[Black "Freeland, Alex"]
[Result "1/2-1/2"]
[WhiteElo "2075"]
[BlackElo "1911"]
[PlyCount "115"]
[EventDate "2014.11.15"]
[WhiteTeam "Warwickshire Select 2"]
[BlackTeam "Rhyfelwyr Essyllwg 2"]

1. e4 c5 2. Nc3 Nc6 3. Bb5 e6 4. Bxc6 bxc6 5. d3 d5 6. f4 Ba6 7. Nf3 c4 8. d4
Bb4 9. O-O Nf6 10. e5 Ne4 11. Bd2 Bxc3 12. bxc3 Qa5 13. Ng5 Nxd2 14. Qxd2 h6
15. Nh3 O-O 16. f5 exf5 17. Rxf5 Bc8 18. Rf3 Rb8 19. Rg3 Kh7 20. a4 Rb2 21. Rf3
c5 22. dxc5 Qxc5+ 23. Nf2 Be6 24. h3 Rfb8 25. Kh2 Qc7 26. Re1 Rb1 27. Re2 f6
28. Qf4 f5 29. h4 Ra1 30. h5 Rbb1 31. Rg3 Rxa4 32. Rg6 Qe7 33. Nh3 Raa1 34. Kg3
a5 35. Qh4 Qa3 36. Re3 Qc5 37. Qd4 Qe7 38. Nf4 Bf7 39. Nxd5 f4+ 40. Kxf4 Qh4+
41. Rg4 Qf2+ 42. Ke4 Rd1 43. Rd3 Qe2+ 44. Ne3 Bxh5 45. Rxg7+ Kxg7 46. Qd7+ Bf7
47. e6 Rf1 48. Rd2 Qxd2 49. Qxd2 Bxe6 50. Nxf1 Rxf1 51. Ke5 Rf6 52. Qd8 Rg6 53.
g3 Bf7 54. Kf4 Rf6+ 55. Ke3 Rg6 56. Kf2 Rg5 57. Qd4+ Kg6 58. Qb6+ 1/2-1/2

[Event "4NCL Division 3s"]
[Site "Daventry Court ENG"]
[Date "2014.11.15"]
[Round "1.218"]
[White "Taylor, Robert G"]
[Black "Hurney, Kevin"]
[Result "1-0"]
[WhiteElo "1978"]
[BlackElo "1980"]
[PlyCount "81"]
[EventDate "2014.11.15"]
[WhiteTeam "Rhyfelwyr Essyllwg 2"]
[BlackTeam "Warwickshire Select 2"]

1. Nf3 Nf6 2. g3 g6 3. Bg2 Bg7 4. O-O O-O 5. c4 c5 6. Nc3 d6 7. d4 cxd4 8. Nxd4
Nbd7 9. Rb1 Ne5 10. b3 Qb6 11. h3 Bd7 12. Be3 Qc7 13. Qd2 Rfe8 14. Rfc1 Qc8 15.
Kh2 Nc6 16. Nxc6 bxc6 17. b4 Qc7 18. b5 Rab8 19. a4 Rec8 20. Na2 c5 21. Nc3 Bf5
22. Rb3 Be6 23. Nd1 Nd7 24. a5 h5 25. f4 Nf6 26. Bg1 Bf5 27. Nf2 Be6 28. e4 Kh7
29. Rcb1 Bxc4 30. b6 axb6 31. axb6 Qd7 32. Ra3 Qd8 33. b7 Rc7 34. e5 Nd7 35.
exd6 exd6 36. Qxd6 Bf8 37. Qd2 Bg7 38. Ne4 Qe7 39. Ng5+ Kg8 40. Ra8 f6 41. Qxd7
1-0

[Event "4NCL Division 3s"]
[Site "Daventry Court ENG"]
[Date "2014.11.15"]
[Round "1.219"]
[White "Cundy, Mark"]
[Black "Hatchett, Paul D"]
[Result "0-1"]
[WhiteElo "1885"]
[BlackElo "1984"]
[PlyCount "60"]
[EventDate "2014.11.15"]
[WhiteTeam "Warwickshire Select 2"]
[BlackTeam "Rhyfelwyr Essyllwg 2"]

1. e4 Nf6 2. e5 Nd5 3. d4 d6 4. c4 Nb6 5. Nf3 Bg4 6. Be2 e6 7. exd6 cxd6 8. h3
Bh5 9. Nc3 Be7 10. Bf4 O-O 11. g4 Bg6 12. h4 d5 13. c5 N6d7 14. Qb3 b6 15. Rc1
Nc6 16. Bb5 Na5 17. Qa4 Nf6 18. b4 Nc4 19. Ne5 Nxe5 20. dxe5 Nxg4 21. Bc6 Rb8
22. Qxa7 Bxh4 23. O-O Bg5 24. Bg3 Bxc1 25. Rxc1 Qg5 26. f4 Qh5 27. Kg2 Ne3+ 28.
Kf2 Qh3 29. Rg1 Nf5 30. cxb6 Nxg3 0-1

[Event "4NCL Division 3s"]
[Site "Daventry Court ENG"]
[Date "2014.11.15"]
[Round "1.220"]
[White "Wang, Alyssa"]
[Black "Wood, Phil"]
[Result "1/2-1/2"]
[WhiteElo "1658"]
[BlackElo "1663"]
[PlyCount "70"]
[EventDate "2014.11.15"]
[WhiteTeam "Rhyfelwyr Essyllwg 2"]
[BlackTeam "Warwickshire Select 2"]

1. d4 d5 2. Nf3 Nf6 3. c4 e6 4. Nc3 Be7 5. Bg5 Nbd7 6. e3 O-O 7. Qc2 h6 8. Bh4
c6 9. Rc1 Re8 10. Bd3 dxc4 11. Bxc4 Nd5 12. Bxe7 Qxe7 13. O-O N5b6 14. Bd3 e5
15. Rfe1 Qf8 16. dxe5 Nxe5 17. Nxe5 Rxe5 18. Rcd1 Qe7 19. Rd2 Bd7 20. Red1 Kh8
21. Be2 Re8 22. Rd4 Bf5 23. Qd2 Kh7 24. Bd3 Bxd3 25. Qxd3+ g6 26. h3 Kg7 27. a3
Qe6 28. Na4 Nxa4 29. Rxa4 a6 30. Qc3 Kg8 31. Rad4 Qc8 32. Rd7 R5e7 33. R7d6 Qf5
34. Rd8 Qe6 35. R8d6 Qe5 1/2-1/2

[Event "4NCL Division 3s"]
[Site "Daventry Court ENG"]
[Date "2014.11.15"]
[Round "1.225"]
[White "James, Angus S"]
[Black "Dickinson, Tim R"]
[Result "1/2-1/2"]
[WhiteElo "1950"]
[BlackElo "2111"]
[PlyCount "53"]
[EventDate "2014.11.15"]
[WhiteTeam "Surbiton 2"]
[BlackTeam "Oxford 2"]

1. e4 c6 2. d4 d5 3. exd5 cxd5 4. Bd3 Nf6 5. c3 Bg4 6. Qb3 Qc7 7. Bg5 e6 8. Nd2
Nc6 9. Ngf3 Bxf3 10. Nxf3 Bd6 11. Bxf6 gxf6 12. O-O Rc8 13. Rfe1 O-O 14. Qc2
Kg7 15. Qe2 Ne7 16. g3 Ng6 17. h4 Bxg3 18. Bxg6 hxg6 19. fxg3 Qxg3+ 20. Qg2 Qf4
21. Re2 Rh8 22. Rf1 Rh5 23. Qh2 Qg4+ 24. Rg2 Qe4 25. Re2 Qg4+ 26. Rg2 Qe4 27.
Re2 1/2-1/2

[Event "4NCL Division 3s"]
[Site "Daventry Court ENG"]
[Date "2014.11.15"]
[Round "1.226"]
[White "Chiu, Howard"]
[Black "Fenwick, Hugh F"]
[Result "0-1"]
[WhiteElo "2067"]
[BlackElo "1867"]
[PlyCount "80"]
[EventDate "2014.11.15"]
[WhiteTeam "Oxford 2"]
[BlackTeam "Surbiton 2"]

1. e4 e6 2. d4 d5 3. Nc3 Bb4 4. e5 Ne7 5. a3 Bxc3+ 6. bxc3 c5 7. Qg4 Qc7 8.
Qxg7 Rg8 9. Qxh7 cxd4 10. Ne2 dxc3 11. f4 Bd7 12. Qd3 Na6 13. Qxc3 Qxc3+ 14.
Nxc3 Rc8 15. Bd2 Nf5 16. O-O-O Nc5 17. Kb1 d4 18. Nb5 d3 19. c4 Ne4 20. Rg1
Rxc4 21. Bxd3 Bxb5 22. Bxc4 Bxc4 23. Bb4 b5 24. Kb2 Nf2 25. Rd2 Nd3+ 26. Kc3
Nxf4 27. g4 Ne2+ 28. Rxe2 Bxe2 29. Rg2 Bf3 30. Rf2 Bxg4 31. Rg2 Rg6 32. Bc5 a6
33. Kb4 Bh3 34. Rd2 Rg4+ 35. Ka5 Re4 36. Kxa6 Bf1 37. Kb6 Rxe5 38. Rf2 Bc4 39.
Rg2 Ne7 40. Rg7 Rh5 0-1